000 00399pab a2200157 454500
008 180718b1985 xxu||||| |||| 00| 0 eng d
100 _aWoods, James G.
245 _aThe performance review approach to improving productivity
260 _c1985
300 _a20-7
362 _aMar.
650 _aPersonnel - Service Rating
700 _aTheresa Dillion
773 _aPersonnel
909 _a14970
999 _c14970
_d14970